ՀՀ Գիտությունների ազգային ակադեմիայի հիմնարար գիտական գրադարան  =   Fundamental Scientific Library of NAS RA

Կինոն դժոխքի և դրախտի միջև : (Record no. 283027)

MARC details
000 -LEADER
fixed length control field 00933nam a2200205 u 4500
001 - CONTROL NUMBER
control field 000771497
003 - CONTROL NUMBER IDENTIFIER
control field AM-YeHGA
005 - DATE AND TIME OF LATEST TRANSACTION
control field 20250618073839.0
008 - FIXED-LENGTH DATA ELEMENTS--GENERAL INFORMATION
fixed length control field 101112s2010 ai r 000 0 arm d
020 ## - INTERNATIONAL STANDARD BOOK NUMBER
International Standard Book Number 9789939812809
040 ## - CATALOGING SOURCE
Original cataloging agency AM-YeHGA
041 1# - LANGUAGE CODE
Language code of text/sound track or separate title arm
090 ## - LOCALLY ASSIGNED LC-TYPE CALL NUMBER (OCLC); LOCAL CALL NUMBER (RLIN)
-- 284687
100 1# - MAIN ENTRY--PERSONAL NAME
Personal name Միտտա, Ալեքսանդր
245 10 - TITLE STATEMENT
Title Կինոն դժոխքի և դրախտի միջև :
Remainder of title Կինոն ըստ Էյզենշտեյնի, Չեխովի, Շեքսպիրի, Կուրոսավայի, Ֆելինիի, Հիչքոքի, Տարկովսկու... /
Statement of responsibility, etc. Ալեքսանդր Միտտա; Թարգմ., առաջաբանն ու ծանոթ.՝ ՀՀ ժող. արտիստ, պրոֆ. Ռաֆայել Ջրբաշյան.
260 ## - PUBLICATION, DISTRIBUTION, ETC.
Place of publication, distribution, etc. Երևան :
Name of publisher, distributor, etc. Վան Արյան,
Date of publication, distribution, etc. 2010.
300 ## - PHYSICAL DESCRIPTION
Extent 412 էջ ;
Dimensions նկ.
650 14 - SUBJECT ADDED ENTRY--TOPICAL TERM
Topical term or geographic name entry element Կինոարվեստ
700 1# - ADDED ENTRY--PERSONAL NAME
Personal name Ջրբաշյան, Ռաֆայել Քրիստափորի,
Dates associated with a name 1923-
Relator term թարգմ.
Relationship trl
9 (RLIN) 1264
Holdings
Withdrawn status Lost status Damaged status Not for loan Collection Home library Current library Date acquired Cost, normal purchase price Shelving control number Total checkouts Full call number Barcode Date last seen Price effective from Koha item type Public note
        General Fundamental Scientific Library Fundamental Scientific Library 29/12/2016 3000.00     AII/95993 FL0174597 29/12/2016 29/12/2016 Գրքեր / Books 30 Days Loan
        General Fundamental Scientific Library Fundamental Scientific Library 29/12/2016 4000.00     AII/96949 FL0187850 29/12/2016 29/12/2016 Գրքեր / Books 30 Days Loan
        General Fundamental Scientific Library Fundamental Scientific Library 29/12/2016 4000.00     AII/96950 FL0187849 29/12/2016 29/12/2016 Գրքեր / Books 30 Days Loan


ՀՀ ԳԱԱ հիմնարար գիտական գրադարան
ՀՀ,Երևան 0019
Մարշալ Բաղրամյան 24/6
հեռախոս:(374-10) 52-47-50
Հետադարձ կապ

All site content, except where otherwise noted, is licensed under a
Creative Commons License